|
|
|
|
| LEADER |
00000nam a22000007a 4500 |
| 005 |
20160223140714.0 |
| 007 |
cr|||| ||u| |
| 008 |
160223s2015 sp ||||| |||| 00||0 spa d |
| 020 |
|
|
|a 978-84-944426-3-6
|
| 035 |
|
|
|a 13106
|
| 040 |
|
|
|a vLex
|
| 090 |
|
|
|c 5899
|d 5899
|
| 100 |
1 |
|
|a Martn̕ez Rodrg̕uez, Jos ̌Antonio
|
| 245 |
1 |
0 |
|a Criminologa̕ de la Corrupcin̤ Urbans̕tica y Prevaricacin̤ Funcionarial
|h [Recurso electrn̤ico] /
|c Jos ̌Antonio Martn̕ez Rodrg̕uez
|
| 256 |
|
|
|a Servicio en ln̕ea
|
| 260 |
|
|
|a Espaą
|b J.M. Bosch Editor
|c 2015
|
| 300 |
|
|
|a 1 recurso electrn̤ico
|
| 506 |
1 |
|
|a Contenido solo disponible en los productos indicados
|d vLex Global
|d vLex Global (Academic Edition, excluding Law Schools)
|d vLex Global (U.S. Academic Edition, Law Schools)
|d vLex Global (U.S. Academic Edition, excluding Law Schools)
|d vLex Global (Academic Edition, Law Schools)
|
| 650 |
0 |
4 |
|a Derecho
|z Espaą
|
| 740 |
0 |
|
|a vLex libros (servicio en ln̕ea)
|
| 856 |
4 |
0 |
|u http://vlex.com/source/criminologia-corrupcion-urbanistica-prevaricacion-funcionarial-13106
|z Acceso restringido
|
| 942 |
|
|
|c BOOK
|
| 999 |
0 |
|
|a Law
|